Statistiques concernant NRJ Music Awards 2014 - Les gagnants

Cliquez ici pour prendre le quiz!

Statistiques générales

  • Ce quiz a été pris 3 fois
  • Le résultat moyen est 3 sur 13

Statistiques - réponses

HintRéponse% Correct
Artiste masculin francophoneM. Pokora
100%
Artiste féminine francophoneTal
100%
Award d'honneur (Artiste Belge)Stromae
50%
Révélation internationaleAriana Grande
0%
Chanson internationaleChandelier (Sia)
0%
Chanson francophoneColor Gitano (Kendji Girac)
0%
Groupe/duo francophoneDaft Punk
0%
Révélation francophoneKendji Girac
0%
Award d'honneur (Artiste Etats-Unien)Lenny Kravitz
0%
Clip de l'annéeMme Pavoshko (Black M)
0%
Groupe/duo internationaleOne Direction
0%
Artiste masculin internationalPharrell Williams
0%
Artiste féminine internationaleSia
0%

Distribution des résultats

Percentile par nombre de réponses

% des personnes avec chaque résultat

Votre développement - résultats

Vous n’avez pas pris ce quiz